Investing In A Green Future/ (Record no. 192867)

MARC details
000 -LEADER
fixed length control field 02011nam a22001697a 4500
005 - DATE AND TIME OF LATEST TRANSACTION
control field 20221007121339.0
010 ## - LCCN (DPL NO)
LC control number ENG-135337
020 ## - INTERNATIONAL STANDARD BOOK NUMBER
International Standard Book Number 9788129138798
Terms of availability 500.00
035 ## - SYSTEM CONTROL NUMBER
System control number EN-118869
037 ## - SOURCE OF ACQUISITION
Source of stock number/acquisition DBAD/PUB
082 ## - DEWEY DECIMAL CLASSIFICATION NUMBER
Classification number 500
245 ## - TITLE STATEMENT
Title Investing In A Green Future/
260 ## - PUBLICATION, DISTRIBUTION, ETC. (IMPRINT)
Place of publication, distribution, etc New Delhi
Name of publisher, distributor, etc Rupa Publications India Pvt ltd
Date of publication, distribution, etc 2015
270 ## - ADDRESS
Address 7/16, Ansari Road, Daryaganj
City New Delhi
Postal code 110002
300 ## - PHYSICAL DESCRIPTION
Extent 96p.
Dimensions 30cm(hb)
942 ## - ADDED ENTRY ELEMENTS (KOHA)
Source of classification or shelving scheme Dewey Decimal Classification
Item type English Books
Call number suffix INV
Classification part 333.7
Holdings
Withdrawn status Lost status Not for loan Collection code Home library Current library Date acquired Source of acquisition Cost, normal purchase price Full call number Barcode Copy number Cost, replacement price Koha item type
    Not For Loan Reference Central Library Central Library 07/10/2022 DBAD/PUB 500.00 333.7 INV EN-118869 1 500.00 English Books

© Delhi Public Library
Hit Counter
free hit counter